Statistics for Not allowed-Tv Girl (lyrics)

Click here to take the quiz!

General Stats

  • This quiz has been taken 526 times
  • The average score is 267 of 347

Answer Stats

hintlyrics% Correct
you
100%
all
98%
not
98%
we
98%
when
98%
about
97%
allowed
97%
but
97%
i
97%
now
97%
sex
97%
talk
97%
were
96%
your
95%
it
94%
be
92%
wanna
92%
suck
91%
an
90%
he
89%
how
89%
to
89%
turn
89%
do
88%
its
88%
and
86%
better
85%
like
85%
cause
84%
in
84%
may
84%
learn
83%
mind
83%
did
81%
dont
81%
the
81%
was
81%
with
81%
so
79%
cum
78%
make
78%
cry
77%
ever
77%
him
77%
well
77%
me
76%
by
75%
know
73%
that
73%
wish
73%
any
72%
guess
72%
never
72%
picture
72%
for
71%
fuck
71%
head
71%
on
71%
should
70%
youre
70%
get
69%
im
69%
stare
69%
excuses
68%
lies
68%
out
68%
started
68%
this
68%
together
68%
wires
68%
begin
67%
love
67%
dance
66%
hes
66%
long
66%
playing
66%
rhythm
66%
took
65%
x8yeah
65%
even
64%
heat
64%
into
64%
lame
64%
my
63%
different
62%
twisted
62%
wasting
62%
could
61%
got
61%
x8hope
61%
imagination
61%
sick
61%
just
60%
who
60%
x8friends
59%
hear
58%
something
58%
x8still
58%
count
57%
nasty
57%
old
57%
whats
57%
x8alone
56%
gotta
56%
rubbed
56%
severed
56%
thats
56%
sewn
55%
ive
54%
of
54%
poets
54%
x8sitting
54%
them
54%
tongue
53%
us
53%
wrote
53%
around
52%
ground
52%
hit
52%
horny
52%
little
52%
x8yourself
52%
interactive
51%
jackets
51%
leather
51%
at
50%
forehead
50%
mouth
50%
sound
50%
sweat
50%
careful
49%
between
48%
off
48%
these
48%
thighs
48%
doorstep
47%
licking
47%
screw
47%
sonnets
47%
cant
46%
honest
46%
suspect
45%
they
45%
being
44%
down
44%
sour
44%
starting
44%
only
43%
wait
43%
anything
42%
standing
42%
write
42%
youd
42%
intend
41%
quickly
41%
say
41%
swear
40%
call
38%
face
34%
fingers
34%
dreamt
33%

Score Distribution

Percentile by Number Answered

Percent of People with Each Score

Your Score History

You have not taken this quiz